<?xml version="1.0" encoding="UTF-8"?><?xml-stylesheet type="text/xsl" href="static/style.xsl"?><OAI-PMH xmlns="http://www.openarchives.org/OAI/2.0/" xmlns:xsi="http://www.w3.org/2001/XMLSchema-instance" xsi:schemaLocation="http://www.openarchives.org/OAI/2.0/ http://www.openarchives.org/OAI/2.0/OAI-PMH.xsd"><responseDate>2026-04-13T04:17:47Z</responseDate><request verb="GetRecord" identifier="oai:www.recercat.cat:10459.1/467313" metadataPrefix="marc">https://recercat.cat/oai/request</request><GetRecord><record><header><identifier>oai:recercat.cat:10459.1/467313</identifier><datestamp>2026-02-09T19:18:08Z</datestamp><setSpec>com_2072_3622</setSpec><setSpec>col_2072_479130</setSpec></header><metadata><record xmlns="http://www.loc.gov/MARC21/slim" xmlns:dcterms="http://purl.org/dc/terms/" xmlns:xsi="http://www.w3.org/2001/XMLSchema-instance" xmlns:doc="http://www.lyncode.com/xoai" xsi:schemaLocation="http://www.loc.gov/MARC21/slim http://www.loc.gov/standards/marcxml/schema/MARC21slim.xsd">
   <leader>00925njm 22002777a 4500</leader>
   <datafield ind2=" " ind1=" " tag="042">
      <subfield code="a">dc</subfield>
   </datafield>
   <datafield ind2=" " ind1=" " tag="720">
      <subfield code="a">Marti-Ochoa, Julia</subfield>
      <subfield code="e">author</subfield>
   </datafield>
   <datafield ind2=" " ind1=" " tag="720">
      <subfield code="a">Martín Fuentes, Eva</subfield>
      <subfield code="e">author</subfield>
   </datafield>
   <datafield ind2=" " ind1=" " tag="720">
      <subfield code="a">Ferrer Rosell, Berta</subfield>
      <subfield code="e">author</subfield>
   </datafield>
   <datafield ind2=" " ind1=" " tag="260">
      <subfield code="c">2025-01-14</subfield>
   </datafield>
   <datafield ind2=" " ind1=" " tag="520">
      <subfield code="a">Purpose This study examines how AI-driven virtual travel influencers engage young consumers, with a focus on ethical consumerism. It analyses the content strategy on Instagram of Sena Zaro, the pioneering AI influencer in the travel and hospitality sector, created by Cenizaro Hotels. The purpose is to identify the adherence to ethical communication standards and evaluate the types of content that garner the highest engagement, analysing the emotions expressed through shared posts, and exploring the destinations promoted. Design/methodology/approach Through web scraping and AI-driven sentiment analysis, all textual posts from her profile and corresponding comments were examined. The stimulus-organism-response theory was applied to explore how ethical messaging (stimuli) impacted emotional engagement (organism), driving follower behaviour (response). The content was also categorized based on ethical tourism principles, as published by the World Tourism Organization's Global Code of Ethics for Tourism. Findings Results highlight that authenticity and transparency are crucial for successful virtual influencer (VI) marketing. Posts featuring Sena Zaro herself, especially in carousel format, had the highest engagement. Although cultural heritage and local benefit were the most common ethical themes and labour rights were underrepresented, they did not notably impact engagement levels. Practical implications Practical implications related to emotional dynamics, ethical communication and location are presented to enhance customer engagement, along with recommendations for future digital marketing strategies in tourism to effectively use VI marketing. Originality/value This research is the first to examine a VI in the tourism and hospitality industry, specifically analysing how such an influencer engages with young consumers. It emphasizes the importance of authenticity and emotional engagement.</subfield>
   </datafield>
   <datafield ind2=" " ind1=" " tag="520">
      <subfield code="a">Funding: Spanish ministry of science and innovation MCIN/AEI/10.13039/501100011033/ FEDER, UE within the RevTour project “Use of online reviews for tourism intelligence and for the establishment of transparent and
reliable evaluation standards”, PID2022-138564OA-I00; Institute for social and territorial development (INDEST) – University of Lleida, 2023CRINDESTABC</subfield>
   </datafield>
   <datafield tag="653" ind2=" " ind1=" ">
      <subfield code="a">Instagram</subfield>
   </datafield>
   <datafield tag="653" ind2=" " ind1=" ">
      <subfield code="a">Sentiment analysis</subfield>
   </datafield>
   <datafield tag="653" ind2=" " ind1=" ">
      <subfield code="a">Emotional analysis</subfield>
   </datafield>
   <datafield tag="653" ind2=" " ind1=" ">
      <subfield code="a">AI ethics</subfield>
   </datafield>
   <datafield tag="653" ind2=" " ind1=" ">
      <subfield code="a">Social Media Influencers</subfield>
   </datafield>
   <datafield ind2="0" ind1="0" tag="245">
      <subfield code="a">AI-driven virtual travel influencers and ethical consumerism: analysing engagement with Sena Zaro's Instagram content</subfield>
   </datafield>
</record></metadata></record></GetRecord></OAI-PMH>